000 00355 a2200109 4500
001 ART_40241
005 20260410161754.0
008 260409a
245 1 0 _aAnálisis de las modificaciones al régimen penal tributario. Ley 26735
100 1 _aSemachowicz, Esteban D.
773 0 _tDoctrina tributaria
_g- Nº 383 (feb. 2012)
_wREV4296
999 _c19920
_d19920